000 01522cam a2200337 ia4500
003 SA-RiAUC
005 20251008062941.0
008 251008s2000 ua g bd 000 0 ara c
020 _a9771801775
020 _a9771802143
040 _aSA-RiAUC
_bara
_cSA-RiAUC
_erda
082 0 4 _a745.503
_qSA-RiAUC
090 _a745.503
_bم ح م
100 1 _aمحمد، سعيد مغاوري،
_d1956-2020
_eمؤلف.
245 1 2 _aالألقاب وأسماء الحرف والوظائف في ضوء البرديات العربية /
_cتأليف سعيد مغاوري محمد.
250 _aالطبعة الأولى.
264 1 _aالقاهرة :
_bدار الكتب والوثائق القومية،
_c2000
264 3 _aالقاهرة :
_bمطبعة دار الكتب والوثائق القومية
300 _a3 مجلد ؛
_c24 سم
336 _aنص
_btxt
_2rdacontent
_3كتاب
337 _aبدون وسيط
_bn
_2rdamedia
338 _aمجلد
_bnc
_2rdacarrier
504 _aببليوجرافية : صفحة 925-935.
650 7 _aالفنون والحرف
_zالبلاد العربية
_2aucsh
650 7 _aالصناعات اليدوية
_zالبلاد العربية
_2aucsh
650 7 _aالحرف اليدوية
_zالبلاد العربية
_xأسماء
_2aucsh
650 7 _aالوظائف
_zالبلاد العربية
_xأسماء
_2aucsh
650 7 _aالصناعات اليدوية
_xموظفون
_xوصف وظيفي
_2aucsh
942 _2ddc
_cBOOK
_n0
949 _aSA-JeALM
_d251008
_ueid123
_n1
999 _c12472
_d12472